| 000 | 01113cam a2200253 i 4500 | ||
|---|---|---|---|
| 001 | 112589 | ||
| 005 | 20230410120759.0 | ||
| 008 | 130823s2005 nyu gsi 001 0 spa d | ||
| 020 | _a9280638629 | ||
| 041 | _aspa | ||
| 050 | 1 | 4 |
_aHV 703 _bM294 2005 |
| 110 | 1 | _aUnited Nations Children's Fund - UNICEF | |
| 245 | 1 | 0 |
_aManual para situaciones de emergencia sobre el terreno : _buna guía para el personal de UNICEF / _cFondo de las Naciones Unidas para la Infancia (UNICEF). |
| 246 | 3 | 0 | _aGuía para el personal de UNICEF |
| 260 |
_aNew York : _bUNICEF, _c2005. |
||
| 300 |
_a486 p.: _b+cd ; _c19cm. |
||
| 500 | _aIncludes indexes | ||
| 501 | _a" Para toda la infancia salud. educación, igualdad, protección asi la humanidad avanza". (cover) | ||
| 505 | 0 | _aIntroducción --- Prt.1 Primeras medidas --- Prt .2 Coordinación --- Prt .3 Seguimiento y evaluación--- Prt.4 Circunstancias especiales --- Prt.5 Compromisos básicos programáticos --- Prt.6 Compromisos básicos operacionales --- Prt.7 Indice analítico. | |
| 650 | 0 | _aChild welfare. | |
| 710 | 2 | _aUNICEF | |
| 942 |
_2lcc _cbk |
||
| 946 | _aPP | ||
| 999 |
_c51736 _d51736 |
||